[Event "HUN-chT4 2223"]
[Site "Gyor"]
[Date "2023.01.22"]
[Round "4"]
[White "Nyari, Rajmund"]
[Black "Balint, Laszlo"]
[Result "1-0"]
[WhiteElo "1420"]
[BlackElo "1532"]
[PlyCount "69"]
[EventDate "2022.10.09"]
[EventType "team-tourn"]
[EventRounds "7"]
[EventCountry "HUN"]
[SourceTitle "EXT 2024"]
[Source "ChessBase"]
[SourceDate "2023.10.10"]
[SourceVersion "1"]
[SourceVersionDate "2023.10.10"]
[SourceQuality "1"]
[WhiteTeam "Fertoszentmiklos"]
[BlackTeam "Level KSE"]
[WhiteTeamCountry "HUN"]
[BlackTeamCountry "HUN"]

1. d4 d5 2. Nf3 Nf6 3. c4 c6 4. Nc3 e6 5. Bg5 Be7 6. e3 0-0 7. Be2 h6 8. Bh4 b6 9. cxd5 cxd5 10. 0-0 Nc6 11. Rc1 Bb7 12. Qa4 a6 13. Qc2 Rc8 14. a3 b5 15. b4 Nd7 16. Bxe7 Qxe7 17. Qb2 Nb6 18. Nd2 Rc7 19. Rc2 Rfc8 20. Rfc1 Qd6 21. Bxb5 axb5 22. Nxb5 Qd7 23. Nxc7 Na4 24. Qb3 Na7 25. b5 Nb6 26. a4 Nc4 27. Nxc4 Rxc7 28. Ne5 Rxc2 29. Rxc2 Qd6 30. b6 Nc6 31. Nxc6 Bxc6 32. b7 Bxb7 33. Qxb7 Qa3 34. Rc8+ Kh7 35. Qb1+ 1-0

[Event "HUN-chT5"]
[Site "Hungary"]
[Date "2023.01.07"]
[Round "5.2"]
[White "Ferenczy, Nora"]
[Black "Balint, Laszlo"]
[Result "0-1"]
[WhiteElo "1453"]
[BlackElo "1530"]
[PlyCount "74"]
[EventDate "2022.12.03"]
[EventType "team-tourn"]
[EventRounds "9"]
[EventCountry "HUN"]
[SourceTitle "EXT 2024"]
[Source "ChessBase"]
[SourceDate "2023.10.10"]
[SourceVersion "1"]
[SourceVersionDate "2023.10.10"]
[SourceQuality "1"]

1. d4 d5 2. c4 c6 3. Nc3 e6 4. cxd5 cxd5 5. Nf3 Nf6 6. Bg5 Be7 7. e3 a6 8. Bd3 h6 9. Bf4 Nc6 10. 0-0 Nh5 11. Be5 Nf6 12. Bf4 0-0 13. Ne5 Qb6 14. Rb1 Qd8 15. Qa4 Nxe5 16. Bxe5 Bd7 17. Qd1 b5 18. b4 Rc8 19. Qb3 Qb6 20. a4 Qc6 21. Nxb5 axb5 22. Bxb5 Qb7 23. Bd3 Ne4 24. Bxe4 dxe4 25. b5 Ra8 26. Ra1 Ra5 27. Qc3 Rfa8 28. Qc4 Qd5 29. Qxd5 exd5 30. b6 Bc8 31. Rfc1 Bd8 32. Bc7 Bxc7 33. Rxc7 Rb8 34. Rb1 Rxa4 35. b7 Be6 36. Rbc1 Kh7 37. Kf1 Rb4 0-1

[Event "HUN-chT4 2223"]
[Site "Gyor"]
[Date "2022.10.09"]
[Round "1"]
[White "Petrecz, Gyula"]
[Black "Balint, Laszlo"]
[Result "1-0"]
[WhiteElo "1756"]
[BlackElo "1532"]
[PlyCount "53"]
[EventDate "2022.10.09"]
[EventType "team-tourn"]
[EventRounds "7"]
[EventCountry "HUN"]
[SourceTitle "EXT 2024"]
[Source "ChessBase"]
[SourceDate "2023.10.10"]
[SourceVersion "1"]
[SourceVersionDate "2023.10.10"]
[SourceQuality "1"]
[WhiteTeam "Gyor Bastya"]
[BlackTeam "Level KSE"]
[WhiteTeamCountry "HUN"]
[BlackTeamCountry "HUN"]

1. e4 c5 2. Bc4 Nc6 3. a3 e6 4. Nc3 a6 5. d3 h6 6. Nge2 Nge7 7. Ng3 Ng6 8. 0-0 Be7 9. f4 0-0 10. f5 Nge5 11. Ba2 Nd4 12. Nce2 Nec6 13. c3 Nxe2+ 14. Qxe2 d5 15. Qh5 dxe4 16. dxe4 exf5 17. Nxf5 Bxf5 18. Qxf5 Bg5 19. Bxf7+ Kh8 20. Qxc5 Qc7 21. Bxg5 Rxf7 22. Rxf7 Qxf7 23. Rf1 Qg6 24. Be3 Qxe4 25. Bd4 Rd8 26. Rf8+ Rxf8 27. Qxf8+ 1-0

[Event "World Corporate East D"]
[Site "Chess.com INT"]
[Date "2021.02.19"]
[Round "3.1"]
[White "Ginzburg, Igor"]
[Black "Balint, Laszlo"]
[Result "1-0"]
[WhiteElo "2020"]
[BlackElo "1543"]
[PlyCount "57"]
[EventDate "2021.02.19"]
[EventType "team (rapid)"]
[EventRounds "7"]
[EventCountry "USA"]
[SourceTitle "EXT 2022"]
[Source "ChessBase"]
[SourceDate "2021.10.06"]
[SourceVersion "1"]
[SourceVersionDate "2021.10.06"]
[SourceQuality "1"]
[WhiteTeam "Slav Group"]
[BlackTeam "Vodafone EMEA"]
[WhiteTeamCountry "ISR"]
[BlackTeamCountry "HUN"]

1. e4 c5 2. Nf3 Nc6 3. Bc4 e6 4. 0-0 a6 5. a4 d6 6. Re1 Qc7 7. c3 Nge7 8. d4 cxd4 9. cxd4 Ng6 10. Nc3 Be7 11. Be3 0-0 12. Qd2 Bf6 13. Rac1 Bd7 14. d5 Nce5 15. Nxe5 Nxe5 16. Bb3 Qb8 17. h3 b5 18. f4 bxa4 19. fxe5 Bh4 20. Bxa4 Bxe1 21. Rxe1 Bxa4 22. Nxa4 dxe5 23. Nb6 Ra7 24. dxe6 Rd8 25. Nd7 Qb7 26. exf7+ Kxf7 27. Nxe5+ Ke8 28. Qf2 Raa8 29. Bc5 1-0

[Event "HUN-chT4a 1819"]
[Site "Hungary"]
[Date "2018.10.06"]
[Round "2.5"]
[White "Balint, Laszlo"]
[Black "Szabo, Tamas1111"]
[Result "0-1"]
[WhiteElo "1549"]
[BlackElo "1455"]
[PlyCount "46"]
[EventDate "2018.10.06"]
[EventType "team-tourn"]
[EventRounds "9"]
[EventCountry "HUN"]
[SourceTitle "EXT 2020"]
[Source "ChessBase"]
[SourceDate "2019.10.17"]
[SourceVersion "1"]
[SourceVersionDate "2019.10.17"]
[SourceQuality "1"]
[WhiteTeam "KSE Level"]
[BlackTeam "Mosonmagyarovar Feher"]
[WhiteTeamCountry "HUN"]
[BlackTeamCountry "HUN"]

1. d4 d5 2. c4 c6 3. Nc3 Nf6 4. Nf3 Nbd7 5. h3 e6 6. Bg5 dxc4 7. e3 b5 8. a4 a6 9. axb5 cxb5 10. Nxb5 Bb7 11. Nc3 Qb6 12. Qc2 Rc8 13. Be2 Bd6 14. 0-0 0-0 15. Rfc1 Qc6 16. Qa4 Nb6 17. Qxc6 Rxc6 18. Na4 Rfc8 19. Nxb6 Rxb6 20. Rxc4 Rxb2 21. Rxc8+ Bxc8 22. Bxa6 Bxa6 23. Rxa6 Rb1+ 0-1

[Event "HUN-chT4 1718"]
[Site "Hungary"]
[Date "2018.02.17"]
[Round "5.8"]
[White "Balint, Laszlo"]
[Black "Prokai, Robert"]
[Result "1-0"]
[WhiteElo "1579"]
[BlackElo "1496"]
[PlyCount "85"]
[EventDate "2017.10.28"]
[EventType "team-tourn"]
[EventRounds "9"]
[EventCountry "HUN"]
[SourceTitle "EXT 2020"]
[Source "ChessBase"]
[SourceDate "2019.10.17"]
[SourceVersion "1"]
[SourceVersionDate "2019.10.17"]
[SourceQuality "1"]

1. d4 d5 2. c4 e6 3. Nc3 Nf6 4. Bg5 Be7 5. Nf3 h6 6. Bh4 dxc4 7. e3 Nd5 8. Bxe7 Qxe7 9. Bxc4 c6 10. 0-0 0-0 11. a3 b5 12. Be2 Nd7 13. Rc1 Bb7 14. Ne4 e5 15. dxe5 Nxe5 16. Nc5 Nc4 17. Nxb7 Qxb7 18. Bxc4 bxc4 19. Rxc4 Qxb2 20. Qc1 Qxc1 21. Rfxc1 Ne7 22. Nd4 Rfd8 23. Nxc6 Nxc6 24. Rxc6 Rd3 25. Ra6 Rad8 26. g3 Rd1+ 27. Rxd1 Rxd1+ 28. Kg2 Rd7 29. h4 Kf8 30. f4 Ke8 31. h5 Kd8 32. Kf3 Kc8 33. g4 Kb7 34. Ra4 Re7 35. Rb4+ Kc6 36. Re4 Rd7 37. a4 Kc5 38. g5 hxg5 39. fxg5 a5 40. Kf4 Rb7 41. Kf5 Kd6 42. h6 gxh6 43. gxh6 1-0

[Event "HUN-chT4 1718"]
[Site "Hungary"]
[Date "2017.10.28"]
[Round "1.7"]
[White "Balint, Laszlo"]
[Black "Toreky, Zsombor"]
[Result "1-0"]
[WhiteElo "1601"]
[BlackElo "1592"]
[PlyCount "121"]
[EventDate "2017.10.28"]
[EventType "team-tourn"]
[EventRounds "9"]
[EventCountry "HUN"]
[SourceTitle "EXT 2020"]
[Source "ChessBase"]
[SourceDate "2019.10.17"]
[SourceVersion "1"]
[SourceVersionDate "2019.10.17"]
[SourceQuality "1"]

1. d4 e6 2. c4 d5 3. Nc3 Nf6 4. Bg5 Be7 5. e3 0-0 6. Nf3 c6 7. Bd3 Nbd7 8. 0-0 h6 9. Bh4 Nh5 10. Bxe7 Qxe7 11. h3 Nhf6 12. a3 e5 13. dxe5 Nxe5 14. cxd5 cxd5 15. Nxe5 Qxe5 16. Qf3 Bd7 17. Rad1 Bc6 18. Qf5 Qxf5 19. Bxf5 g6 20. Bc2 Rfd8 21. Rd4 Rd6 22. Rfd1 Rad8 23. Bb3 R6d7 24. Ba2 a6 25. b4 b5 26. Ne2 g5 27. Nc1 Ne4 28. R4d3 Kg7 29. Nb3 Kg6 30. f3 Nf6 31. Na5 Ba8 32. Bb1 Kg7 33. Nb3 Rd6 34. Nd4 Rb6 35. e4 Rd7 36. e5 Nh5 37. Nf5+ Kf8 38. Rc3 Rd8 39. Rdc1 Bb7 40. Rc7 Nf4 41. Kf2 Ne6 42. R7c2 Nf4 43. Rd2 f6 44. g3 Ng6 45. exf6 Rxf6 46. Nd4 Ne5 47. Rc7 Nc4 48. Rd3 Bc8 49. Kg2 Bf5 50. Nxf5 Rxf5 51. Rc6 Ne5 52. Rxd5 Rxd5 53. Rc8+ Ke7 54. Bxf5 Rd2+ 55. Kf1 Nxf3 56. Ra8 Rd6 57. Kf2 Nd4 58. Bc8 Rd8 59. Ra7+ Ke8 60. Bxa6 Nc6 61. Bxb5 1-0

[Event "Balassi Amateur op 2nd"]
[Site "Janossomorja"]
[Date "2017.08.26"]
[Round "1"]
[White "Balint, Laszlo"]
[Black "Steiner, Botond"]
[Result "1-0"]
[WhiteElo "1622"]
[BlackElo "1008"]
[PlyCount "41"]
[EventDate "2017.08.26"]
[EventType "swiss"]
[EventRounds "7"]
[EventCountry "HUN"]
[SourceTitle "EXT 2019"]
[Source "ChessBase"]
[SourceDate "2018.10.10"]
[SourceVersion "1"]
[SourceVersionDate "2018.10.10"]
[SourceQuality "1"]

1. d4 d5 2. c4 c6 3. Nc3 Nf6 4. Nf3 e6 5. Bg5 Bb4 6. e3 0-0 7. Bd3 h6 8. Bh4 Nbd7 9. 0-0 g5 10. Bg3 Re8 11. Ne5 Nxe5 12. Bxe5 Ne4 13. Nxe4 dxe4 14. Bxe4 Bd6 15. Qh5 Bxe5 16. dxe5 Qa5 17. Qxh6 Qxe5 18. Bh7+ Kh8 19. Bg6+ Kg8 20. Qh7+ Kf8 21. Qxf7# 1-0

[Event "Level op-B 4th"]
[Site "Level"]
[Date "2016.03.13"]
[Round "5"]
[White "Balint, Laszlo"]
[Black "Boros, Krisztian"]
[Result "0-1"]
[WhiteElo "1670"]
[BlackElo "1514"]
[PlyCount "74"]
[EventDate "2016.03.11"]
[EventType "swiss"]
[EventRounds "9"]
[EventCountry "HUN"]
[SourceTitle "EXT 2017"]
[Source "ChessBase"]
[SourceDate "2016.10.25"]
[SourceVersion "1"]
[SourceVersionDate "2016.10.25"]
[SourceQuality "1"]

1. d4 d5 2. c4 e6 3. Nc3 Nf6 4. Bg5 Bb4 5. Nf3 h6 6. Bh4 0-0 7. e3 c6 8. Bd3 Nbd7 9. 0-0 Qc7 10. Ne2 b6 11. Rc1 Bd6 12. Nc3 a6 13. a3 c5 14. cxd5 exd5 15. dxc5 bxc5 16. Nxd5 Nxd5 17. Be4 Nxe3 18. fxe3 Rb8 19. Qd2 Re8 20. Bb1 Ne5 21. Rcd1 Nxf3+ 22. Rxf3 Bxh2+ 23. Kh1 Bg4 24. Rdf1 Bxf3 25. Rxf3 Be5 26. Qc2 g6 27. b3 Qd6 28. Rf1 Qb6 29. Ba2 Qd6 30. b4 Rf8 31. Be1 Bg7 32. bxc5 Qc6 33. Qc4 Rb7 34. Qd3 Rd7 35. Qc2 Re7 36. Bg3 Be5 37. Qxg6+ Qxg6 0-1

[Event "HUN-chT4 Chalupetzky 1516"]
[Site "Fertoszentmiklos"]
[Date "2016.02.21"]
[Round "5.8"]
[White "Balint, Laszlo"]
[Black "Pal, Istvan"]
[Result "0-1"]
[WhiteElo "1681"]
[BlackElo "1645"]
[PlyCount "82"]
[EventDate "2015.10.11"]
[EventType "team-tourn"]
[EventRounds "7"]
[EventCountry "HUN"]
[SourceTitle "EXT 2017"]
[Source "ChessBase"]
[SourceDate "2016.10.25"]
[SourceVersion "1"]
[SourceVersionDate "2016.10.25"]
[SourceQuality "1"]
[WhiteTeam "Level KSE"]
[BlackTeam "UDSE II"]
[WhiteTeamCountry "HUN"]
[BlackTeamCountry "HUN"]

1. d4 Nf6 2. c4 e6 3. Nc3 d5 4. Bg5 Be7 5. Nf3 Nbd7 6. e3 0-0 7. Bd3 b6 8. 0-0 Bb7 9. Rc1 c5 10. cxd5 Nxd5 11. Bxe7 Qxe7 12. a3 cxd4 13. Nxd4 Ne5 14. Bxh7+ Kxh7 15. Qh5+ Kg8 16. Qxe5 Nf6 17. h3 Rfc8 18. Nf5 Qf8 19. Nd6 Rc5 20. Qh2 Bc6 21. Ne2 Rd8 22. Rxc5 bxc5 23. Nc4 Bb5 24. b3 Bxc4 25. bxc4 Rd2 26. Nc1 Rc2 27. Qf4 Rc3 28. a4 Ra3 29. a5 Rxa5 30. Nb3 Ra3 31. Rb1 Qc8 32. Nd2 Nd7 33. Ne4 Nb6 34. Qg5 f5 35. Rd1 Kh7 36. Rd8 Ra1+ 37. Kh2 Qc7+ 38. g3 Qf7 39. Qh4+ Kg6 40. Rh8 fxe4 41. Rh5 Qxf2# 0-1